Statistics for Countries Producing the Most Goat Cheese

Click here to take the quiz!

General Stats

  • This quiz has been taken 1,046 times
    (666 since last reset)
  • The average score is 12 of 20

Answer Stats

tonnes
x 1000
country% Correct
98France
92%
7Italy
91%
63Spain
90%
7China
85%
36Greece
85%
3Portugal
81%
17Mexico
70%
27Netherlands
68%
44Iran
66%
3Iraq
65%
10Belgium
64%
5Morocco
57%
4Ukraine
49%
44Niger
44%
4Syria
41%
11Afghanistan
39%
91Sudan
38%
4Yemen
25%
5Bolivia
16%
14Tajikistan
16%

Score Distribution

Percentile by Number Answered

Percent of People with Each Score

Your Score History

You have not taken this quiz since the last reset